[Event "Baku op"]
[Site "Baku"]
[Date "2019.09.26"]
[Round "7"]
[White "Musaev, Eldar Elman"]
[Black "Muradli, Mahammad"]
[Result "0-1"]
[WhiteElo "2146"]
[BlackElo "2455"]
[PlyCount "80"]
[EventDate "2019.09.20"]
[EventType "swiss"]
[EventRounds "9"]
[EventCountry "AZE"]
[SourceTitle "EXT 2020"]
[Source "ChessBase"]
[SourceDate "2019.10.17"]
[SourceVersion "1"]
[SourceVersionDate "2019.10.17"]
[SourceQuality "1"]

1. Nf3 d5 2. d4 Nf6 3. c4 e6 4. Nc3 Be7 5. cxd5 exd5 6. Bg5 c6 7. Qc2 g6 8. e3 Bf5 9. Bd3 Bxd3 10. Qxd3 Nbd7 11. 0-0 0-0 12. Rab1 Re8 13. Qc2 a6 14. Na4 Ne4 15. Bxe7 Qxe7 16. b4 Nd6 17. Nc5 Nb6 18. a4 Nbc4 19. Ra1 a5 20. Rfb1 axb4 21. Rxb4 b6 22. Nd3 Ne4 23. Qc1 Kg7 24. Rab1 c5 25. dxc5 bxc5 26. Rb7 Qd6 27. Nb2 Qf6 28. Nxc4 dxc4 29. R7b6 Re6 30. Rxe6 Qxe6 31. Qc2 c3 32. h3 h6 33. Ra1 Rb8 34. Ra2 Qb3 35. Qxe4 Qxa2 36. Qe5+ Kh7 37. Qxc3 Rb1+ 38. Kh2 Rb2 39. Qxc5 Rxf2 40. Nh4 g5 0-1

[Event "Varna op 5th"]
[Site "Varna"]
[Date "2011.07.10"]
[Round "9"]
[White "Shishkov, Minko"]
[Black "Musaev, Eldar Elman"]
[Result "1-0"]
[WhiteElo "2295"]
[BlackElo "2120"]
[PlyCount "49"]
[EventDate "2011.07.03"]
[EventType "swiss"]
[EventRounds "9"]
[EventCountry "BUL"]
[SourceTitle "CBM 143 Extra"]
[Source "ChessBase"]
[SourceDate "2011.08.29"]
[SourceVersion "1"]
[SourceVersionDate "2011.08.29"]
[SourceQuality "1"]

1. d4 Nf6 2. c4 e6 3. Nf3 b6 4. Nc3 Bb4 5. Qb3 c5 6. Bg5 h6 7. Bh4 Nc6 8. e3 Ba6 9. dxc5 bxc5 10. Nd2 Qa5 11. Be2 Rb8 12. Qc2 d5 13. 0-0 d4 14. Nb3 Qc7 15. Nb5 Qe7 16. a3 Ba5 17. Bf3 Ne5 18. Nxa5 Nxf3+ 19. gxf3 Bxb5 20. cxb5 Rxb5 21. Qa4 Qd7 22. Nc4 0-0 23. Bxf6 gxf6 24. Nd6 Qc6 25. Nxb5 1-0

[Event "Albena op 19th"]
[Site "Albena"]
[Date "2011.06.26"]
[Round "2"]
[White "Szabo, Gergely Andras"]
[Black "Musaev, Eldar Elman"]
[Result "1-0"]
[WhiteElo "2545"]
[BlackElo "2155"]
[PlyCount "85"]
[EventDate "2011.06.25"]
[EventType "swiss"]
[EventRounds "9"]
[EventCountry "BUL"]
[SourceTitle "CBM 143 Extra"]
[Source "ChessBase"]
[SourceDate "2011.08.29"]
[SourceVersion "1"]
[SourceVersionDate "2011.08.29"]
[SourceQuality "1"]

1. d4 Nf6 2. c4 e6 3. g3 d5 4. Nf3 Be7 5. Bg2 0-0 6. 0-0 dxc4 7. Qc2 a6 8. a4 a5 9. Qxc4 Na6 10. Bf4 c6 11. Nc3 Nb4 12. Ne5 Nfd5 13. Rad1 Nxf4 14. gxf4 Nd5 15. e3 Bd7 16. f5 Bc8 17. fxe6 Bxe6 18. Nxd5 Bxd5 19. Bxd5 cxd5 20. Qb5 Ra6 21. Qxb7 Rb6 22. Qd7 Bd6 23. Qxd8 Rxd8 24. Nd3 Rc8 25. Rd2 Rc4 26. Ra1 f6 27. h3 Kf7 28. Kf1 g5 29. Rdd1 Rb3 30. Ke2 Rc2+ 31. Rd2 Rc4 32. Nc1 Rb7 33. Kd1 Kg6 34. b3 Rcc7 35. Rd3 Kh5 36. Ne2 Kh4 37. Rb1 Kxh3 38. Nc3 Kg2 39. Nxd5 Kxf2 40. Rb2+ Kf3 41. Nxf6 Bg3 42. e4+ Kf4 43. Ke2 1-0

[Event "Varna op 4th"]
[Site "Varna"]
[Date "2010.06.18"]
[Round "7"]
[White "Musaev, Eldar Elman"]
[Black "Rzayev, Bahruz Iqbal Oglu"]
[Result "1/2-1/2"]
[WhiteElo "2195"]
[BlackElo "2266"]
[PlyCount "94"]
[EventDate "2010.06.12"]
[EventType "swiss"]
[EventRounds "9"]
[EventCountry "BUL"]
[SourceTitle "CBM 136 Extra"]
[Source "ChessBase"]
[SourceDate "2010.07.02"]
[SourceVersion "2"]
[SourceVersionDate "2010.07.15"]
[SourceQuality "1"]

1. Nf3 Nf6 2. c4 c5 3. g3 Nc6 4. Nc3 e6 5. Bg2 d5 6. cxd5 Nxd5 7. 0-0 Be7 8. Nxd5 Qxd5 9. d3 0-0 10. Be3 Qd6 11. Rc1 Nd4 12. Bf4 Nxf3+ 13. Bxf3 e5 14. Be3 Qb6 15. Qc2 Bh3 16. Rfd1 Rac8 17. b4 Qxb4 18. Rb1 Qa5 19. Rxb7 Bd6 20. Bd5 Rb8 21. Bd2 Qa3 22. Rdb1 Rxb7 23. Rxb7 Bc8 24. Rxf7 Rxf7 25. Qc4 Kf8 26. Bxf7 Qb2 27. Bh5 Qb1+ 28. Kg2 Qb7+ 29. e4 Qd7 30. Bd1 Qf7 31. Qxf7+ Kxf7 32. Bb3+ Kf6 33. f4 Ba6 34. Bc4 Bxc4 35. dxc4 exf4 36. gxf4 Ke6 37. Kf3 g6 38. Kg4 Be7 39. f5+ Ke5 40. Bg5 Bf8 41. fxg6 hxg6 42. Bf4+ Kxe4 43. Bb8 Be7 44. Bxa7 Kd4 45. Bxc5+ Kxc5 46. h4 Kxc4 47. h5 gxh5+ 1/2-1/2

[Event "Varna op 4th"]
[Site "Varna"]
[Date "2010.06.17"]
[Round "6"]
[White "Komarov, Dimitri"]
[Black "Musaev, Eldar Elman"]
[Result "1-0"]
[WhiteElo "2521"]
[BlackElo "2195"]
[PlyCount "69"]
[EventDate "2010.06.12"]
[EventType "swiss"]
[EventRounds "9"]
[EventCountry "BUL"]
[SourceTitle "CBM 136 Extra"]
[Source "ChessBase"]
[SourceDate "2010.07.02"]
[SourceVersion "2"]
[SourceVersionDate "2010.07.15"]
[SourceQuality "1"]

1. d4 d5 2. c4 c6 3. Nc3 Nf6 4. e3 e6 5. Nf3 Nbd7 6. Qc2 Bd6 7. Bd3 0-0 8. 0-0 e5 9. cxd5 cxd5 10. e4 dxe4 11. Nxe4 Nxe4 12. Bxe4 h6 13. Be3 exd4 14. Bh7+ Kh8 15. Bxd4 Nf6 16. Bf5 Qa5 17. Bxc8 Raxc8 18. Qb3 Nd5 19. Rfd1 Rfd8 20. Qxb7 Rc7 21. Qb3 Rcd7 22. g3 f6 23. Nh4 Ne7 24. Bc3 Qh5 25. Qe6 Nc8 26. Rd5 Qe8 27. Qxe8+ Rxe8 28. Rad1 Rb7 29. Rxd6 Nxd6 30. Rxd6 Kg8 31. Nf5 Rb5 32. g4 h5 33. h3 hxg4 34. hxg4 Re4 35. f3 1-0

[Event "Baku op-A"]
[Site "Baku"]
[Date "2005.10.24"]
[Round "1"]
[White "Neverov, Valeriy"]
[Black "Musaev, Eldar Elman"]
[Result "1-0"]
[WhiteElo "2572"]
[BlackElo "2229"]
[PlyCount "81"]
[EventDate "2005.10.24"]
[EventType "swiss"]
[EventRounds "9"]
[EventCountry "AZE"]
[SourceTitle "EXT 2006"]
[Source "ChessBase"]
[SourceDate "2005.11.24"]
[SourceVersion "1"]
[SourceVersionDate "2005.11.24"]
[SourceQuality "1"]

1. d4 d5 2. c4 e6 3. Nc3 Nf6 4. cxd5 exd5 5. Bg5 Be7 6. e3 c6 7. Bd3 0-0 8. Nge2 Re8 9. Qc2 Nbd7 10. 0-0 Nf8 11. a3 Bd6 12. Bf4 Bxf4 13. Nxf4 Ng6 14. Nfe2 Qd6 15. Ng3 Nf8 16. Rfe1 Bd7 17. Rad1 Rad8 18. b4 a6 19. Na4 Ng4 20. Nf1 Ng6 21. Nc5 Bc8 22. Rc1 Nf6 23. a4 Nd7 24. Ng3 Ngf8 25. Qd2 Qf6 26. Nb3 Nb6 27. b5 Nxa4 28. bxa6 bxa6 29. Qb4 Nb2 30. Bf1 Nc4 31. Bxc4 dxc4 32. Na5 Bd7 33. Qxc4 Qe6 34. Qxe6 Rxe6 35. Nb7 Ra8 36. Re2 Re7 37. Na5 Re6 38. Rb2 Rg6 39. Ne2 f5 40. Rb7 Be8 41. g3 1-0

[Event "Baku Cup-B"]
[Site "Baku"]
[Date "2003.??.??"]
[Round "?"]
[White "Musaev, Eldar Elman"]
[Black "Hasanov, Asif Zahid Oglu"]
[Result "0-1"]
[WhiteElo "2229"]
[BlackElo "2277"]
[PlyCount "84"]
[EventDate "2003.??.??"]
[EventType "swiss"]
[EventRounds "9"]
[EventCountry "AZE"]
[SourceTitle "EXT 2005"]
[Source "ChessBase"]
[SourceDate "2004.11.15"]
[SourceVersion "1"]
[SourceVersionDate "2004.11.15"]
[SourceQuality "1"]

1. c4 Nf6 2. Nf3 c6 3. Nc3 d5 4. e3 e6 5. d4 Bd6 6. Ne5 0-0 7. Be2 Nbd7 8. f4 Ne4 9. Nxe4 dxe4 10. Qc2 f5 11. Nxd7 Bxd7 12. c5 Bc7 13. Bd2 g5 14. g3 h6 15. h4 g4 16. 0-0 Qe7 17. b4 a5 18. a3 Ra7 19. Bc3 Rfa8 20. Bb2 Kh7 21. Qc3 h5 22. Kg2 Kg6 23. Rfd1 Qf8 24. Bc4 Qf7 25. Qd2 axb4 26. axb4 Rxa1 27. Rxa1 Rxa1 28. Bxa1 Qe8 29. Qb2 Qf8 30. b5 Bd8 31. b6 Bf6 32. Qa2 Qe8 33. Qa7 Bc8 34. Qb8 Qd7 35. Kf2 Qe7 36. Ke2 Qd7 37. Kd2 Qd8 38. Kc2 Qd7 39. Kb3 Qd8 40. Ka4 Qd7 41. Ka5 Qd8 42. Qc7 Qd7 0-1

[Event "Baku Cup-B"]
[Site "Baku"]
[Date "2003.??.??"]
[Round "?"]
[White "Musaev, Eldar Elman"]
[Black "Mammadova, Nargiz"]
[Result "0-1"]
[WhiteElo "2229"]
[BlackElo "2104"]
[PlyCount "61"]
[EventDate "2003.??.??"]
[EventType "swiss"]
[EventRounds "9"]
[EventCountry "AZE"]
[SourceTitle "EXT 2005"]
[Source "ChessBase"]
[SourceDate "2004.11.15"]
[SourceVersion "1"]
[SourceVersionDate "2004.11.15"]
[SourceQuality "1"]

1. a3 g6 2. c4 Bg7 3. Nc3 a5 4. e3 Nf6 5. Be2 d6 6. d4 0-0 7. g4 e5 8. g5 Nfd7 9. h4 exd4 10. exd4 Re8 11. h5 Nc6 12. Be3 Ne7 13. Nf3 Nf5 14. Qd2 c5 15. d5 Ne5 16. Nxe5 Rxe5 17. Bf4 Re8 18. Nb5 Bd7 19. Rd1 Bxb5 20. cxb5 Nd4 21. Be3 Rxe3 22. fxe3 Nf5 23. e4 Ng3 24. Rh4 Qe7 25. Bf3 Bd4 26. Qf4 Nf5 27. Rh3 Bxb2 28. Kf2 Bd4+ 29. Rxd4 Nxd4 30. Bg4 Re8 31. Ke3 0-1